Gazeta Ministerial de Chile. Tomo III 17-38: 1821-1822
Gardado en:
| Autor Corporativo: | |
|---|---|
| Formato: | Libro |
| Idioma: | Lingua castelá |
| Publicado: |
Santiago
Universidad Católica de Chile
1966
|
| Series: | Antiguos Periódicos Chilenos, 10
|
| Subjects: | |
| Tags: |
Engadir etiqueta
Sen Etiquetas, Sexa o primeiro en etiquetar este rexistro!
|
MARC
| LEADER | 00000nam a2200000 a 4500 | ||
|---|---|---|---|
| 001 | UCR4291 | ||
| 003 | CL-VaPUC | ||
| 008 | 980307e19660000CL |||||||||||||||||spa|d | ||
| 082 | 0 | 4 | |a 079.83 |b BIB |2 21 |
| 110 | 2 | |a Biblioteca Nacional |e author |9 404158 | |
| 245 | 1 | 0 | |a Gazeta Ministerial de Chile. Tomo III 17-38: 1821-1822 |
| 300 | |a 317 p | ||
| 942 | |c BK | ||
| 945 | |d 19980307 00:00:00 |a crobeson | ||
| 260 | |a Santiago |b Universidad Católica de Chile |c 1966 | ||
| 650 | 0 | |a Periódicos |9 335528 | |
| 650 | 7 | |a PUBLICACIONES PERIODICAS |2 CL-VaPUC |9 335089 | |
| 650 | 7 | |a DOCUMENTOS PRIMARIOS |2 CL-VaPUC |9 350391 | |
| 650 | 7 | |a PRENSA DE INFORMACION |2 CL-VaPUC |9 335512 | |
| 651 | 7 | |a CHILE |2 CL-VaPUC |9 404159 | |
| 583 | |a last modification |c 19980307 00:00:00 |k Rodrigo Vera | ||
| 490 | 0 | |a Antiguos Periódicos Chilenos, 10 | |
| 999 | |c 267237 |d 267235 | ||
| 952 | |0 0 |1 0 |4 0 |6 079_830000000000000_BIB_1966 |7 0 |8 DER_HIS |9 299478 |a BIBDER |b BIBDER |d 2019-11-20 |i 194911K |l 1 |o 079.83 BIB 1966 |p 194911K |r 2020-03-27 |s 2020-03-18 |w 2019-11-20 |x Ubicación 4to Piso |y BK_X |z Estos recursos deben solicitarse con anticipación |k DER | ||
| 952 | |0 0 |1 0 |4 0 |6 079_830000000000000_BIB_1966 |7 0 |8 X |9 299479 |a BIBHIS |b BIBHIS |d 2019-11-20 |i 1385925 |o 079.83 BIB 1966 |p 1385925 |r 2024-01-30 |w 2019-11-20 |y BK_X |k HIS | ||